151 English essays = 151 bài luận tiếng Anh
Uloženo v:
| Hlavní autor: | |
|---|---|
| Médium: | Kniha |
| Jazyk: | Undetermined |
| Vydáno: |
Thành phố Hồ Chí Minh
Nhà xuất bản Thành phố Hồ Chí Minh
1998
|
| Témata: | |
| Tagy: |
Přidat tag
Žádné tagy, Buďte první, kdo otaguje tento záznam!
|
| Thư viện lưu trữ: | Trung tâm Học liệu Trường Đại học Cần Thơ |
|---|
| LEADER | 00680nam a2200205Ia 4500 | ||
|---|---|---|---|
| 001 | CTU_121804 | ||
| 008 | 210402s9999 xx 000 0 und d | ||
| 082 | |a 428.2 | ||
| 082 | |b N312 | ||
| 100 | |a Ninh Hùng | ||
| 245 | 0 | |a 151 English essays = | |
| 245 | 0 | |b 151 bài luận tiếng Anh | |
| 245 | 0 | |c Ninh Hùng (dịch và chú giải) | |
| 260 | |a Thành phố Hồ Chí Minh | ||
| 260 | |b Nhà xuất bản Thành phố Hồ Chí Minh | ||
| 260 | |c 1998 | ||
| 650 | |a English language | ||
| 650 | |x Writing | ||
| 904 | |i Thủy, Mai chuyển từ 808.84 thành 428.2 chưa in nhãn | ||
| 980 | |a Trung tâm Học liệu Trường Đại học Cần Thơ | ||